000 00895cab a2200277 4500
001 WB2827-37
008 090401t1992 xxu||||| |||| 00| 0 eng d
035 _a(Sirsi) u55587
041 _aeng
245 _aValuation of property company assets
260 _c1992
350 _a0
490 _aEstates Times
_v(1150) 3 July 1992, 9(1)
520 _aThere are calls for Accounting Standards Board to investigate property company valuations after a number of companies have had their internal valuations qualified because of the uncertainty of the market.
650 _aACCOUNTING STANDARDS BOARD
650 _aANNUAL VALUATIONS
650 _aASSET VALUATIONS
650 _aASSET VALUES
650 _aPROPERTY ASSETS
650 _aPROPERTY COMPANIES
650 _aREGALIAN
650 _aValuation
_96273
690 _aRATING AND VALUATION
942 _n0
948 _c04/03/1997
999 _c33969
_d33969